| 000 | 01038nam a22002537a 4500 | ||
|---|---|---|---|
| 999 |
_c65278 _d65278 |
||
| 005 | 20240530110816.0 | ||
| 008 | 190624s2019 ua abh f bm 000 0 ara d | ||
| 017 |
_a2018/21880 _bمصر. دار الكتب |
||
| 020 | _a9789777282673 | ||
| 040 |
_aEG-CaGPL _cEG-CaGPL |
||
| 082 | 0 | 4 |
_221 _a709.9481 / _bس د |
| 100 | 0 | _aسحر محمد القطرى | |
| 245 | 1 | 0 |
_aدراسات فى اثار وحضارة : _bسلطنة عمان الاسلامية / _cسحر محمد القطرى |
| 250 | _aط. 1 | ||
| 260 |
_aالقاهرة : _bدار الحكمة للطباعة و النشر و التوزيع، _c2019. |
||
| 300 |
_a243 ص. : _bايض ؛ _c24 سم. |
||
| 504 | _aيشتمل على ارجاعات ببليوجرافية | ||
| 650 | 0 | 7 |
_2qrmak _aالمبانى التاريخية |
| 650 | 0 | 7 |
_2qrmak _aالعمارة العمانية |
| 650 | 0 | 7 |
_2qrmak _aالعمارة الاسلامية |
| 651 | 0 | 7 |
_2qrmak _aعمان _xالعمارة الاسلامية |
| 942 |
_2ddc _cBK |
||